LEADER 00971cam0 2200277 450 001 E600200005368 005 20140526103101.0 100 $a20040930d1963 |||||ita|0103 ba 101 $aita 102 $aIT 200 1 $a"Tavolozza" e "Penombre"$fEmilio Praga$gcur. Angelo Romaṇ 210 $aBologna$cCappelli$dstampa 1963 215 $a264 p.$d22 cm 225 2 $aBiblioteca dell'Ottocento italiano$v3 410 1$1001LAEC00019288$12001 $a*Biblioteca dell'Ottocento italiano$v3 700 1$aPraga$b, Emilio$3A600200026256$4070$0170617 702 1$aRomaṇ, Angelo$3AF00014210$4070 801 0$aIT$bUNISOB$c20140526$gRICA 850 $aUNISOB 852 $aUNISOB$j850|Coll|16|K$m13430 912 $aE600200005368 940 $aM 102 Monografia moderna SBN 941 $aM 957 $a850|Coll|16|K$b000001$gSI$d13430$racquisto$1pregresso1$2UNISOB$3UNISOB$420040930090102.0$520140526103131.0$6rovito 996 $aTavolozza e Penombre$9133568 997 $aUNISOB LEADER 01466nam 2200361 n 450 001 996391702603316 005 20221108100916.0 035 $a(CKB)1000000000669074 035 $a(EEBO)2240947200 035 $a(UnM)99843311 035 $a(EXLCZ)991000000000669074 100 $a19910710d1620 uy | 101 0 $aeng 135 $aurbn||||a|bb| 200 12$aA meditation vpon the 27, 28, 29, verses of the XXVII. chapter of St. Matthew. Or A paterne for a kings inauguration. Written by the Kings Maiestie$b[electronic resource] 210 $aLondon $cPrinted by Iohn Bill, printer to the Kings most excellent Maiestie$dM.DC.XX. [1620] 215 $a[48], 127, [5] p 300 $aThe Kings Majestie = James I. 300 $aThe first two and the last two leaves are blank. 300 $aRunning title reads: A paterne for a kings inauguration. 300 $aReproduction of the original in the British Library. 330 $aeebo-0018 606 $aKings and rulers$xReligious aspects$vEarly works to 1800 615 0$aKings and rulers$xReligious aspects 700 $aJames$cKing of England,$f1566-1625.$01001019 801 0$bCu-RivES 801 1$bCu-RivES 801 2$bCStRLIN 801 2$bWaOLN 906 $aBOOK 912 $a996391702603316 996 $aA meditation vpon the 27, 28, 29, verses of the XXVII. chapter of St. Matthew. Or A paterne for a kings inauguration. Written by the Kings Maiestie$92310086 997 $aUNISA LEADER 02915nam 2200457 450 001 9910765714303321 005 20230912153524.0 010 $a1-00-304553-7 010 $a1-003-04553-7 035 $a(CKB)4100000011342784 035 $a(NjHacI)994100000011342784 035 $a(MiAaPQ)EBC7245306 035 $a(EXLCZ)994100000011342784 100 $a20221227d2020 uy 0 101 0 $aeng 135 $aur||||||||||| 181 $ctxt$2rdacontent 182 $cc$2rdamedia 183 $acr$2rdacarrier 200 00$aNordic societal security $econvergence and divergence /$fedited by Sebastian Larsson, Mark Rhinard 210 1$aLondon :$cRoutledge,$d2020. 215 $a1 online resource (268 pages) 225 1 $aRoutledge new security studies 311 $a0-367-49292-X 320 $aIncludes bibliographical references and index. 330 $aThis book compares and contrasts publicly espoused security concepts in the Nordic region, and explores the notion of societal security. Outside observers often assume that Nordic countries take similar approaches to the security and safety of their citizens. This book challenges that assumption and traces the evolution of 'societal security', and its broadly equivalent concepts, in Sweden, Norway, Denmark and Finland. The notion of societal security is deconstructed and analysed in terms of its different meanings and implications for each country, through both country- and issue-focused studies. Each chapter traces the evolution of key security concepts and related practices, allowing for a comparison of similarities and differences between these four countries. Using discourses and practices as evidence, this is the first book to explore how different Nordic nations have conceptualised domestic security over time. The findings will be valuable to scholars from across the geographical and theoretical spectrum, while highlighting how Nordic security discourses and practices may deviate from traditional assumptions about Nordic values. This book will be of much interest to students of security studies, Nordic politics and International Relations. The Open Access version of this book, available at https://www.routledge.com/Nordic-Societal-Security-Convergence-and-Divergence/Larsson-Rhinard/p/book/9780367492922, has been made available under a Creative Commons Attribution-Non Commercial-No Derivatives 4.0 license. 410 0$aRoutledge new security studies. 517 $aNordic Societal Security 606 $aHuman security$zScandinavia 606 $aSocial security$zScandinavia 615 0$aHuman security 615 0$aSocial security 676 $a361.948 702 $aLarsson$b Sebastian$f1989- 702 $aRhinard$b Mark$f1973- 801 0$bNjHacI 801 1$bNjHacl 906 $aBOOK 912 $a9910765714303321 996 $aNordic Societal Security$93018057 997 $aUNINA